| Tag |
First Indicator |
Second Indicator |
Subfields |
| LEADER |
00000cam a2200000 4500 |
| 001 |
in00000990276 |
| 005 |
20150927180214.0 |
| 008 |
780811s1953 enkabe 00000 eng |
| 010 |
|
|
|a 54001580
|
| 035 |
|
|
|a (OCoLC)04127800
|
| 035 |
|
|
|9 AEY9425AM
|
| 040 |
|
|
|a DLC
|c AFU
|d OCL
|d UtOrBLW
|
| 049 |
|
|
|a TXAS [mil]
|
| 050 |
|
0 |
|a DC223.4
|b .J3
|
| 082 |
0 |
|
|a 944.045
|
| 100 |
1 |
|
|a Jackson, W. G. F.
|q (William Godfrey Fothergill),
|c Sir,
|d 1917-
|
| 245 |
1 |
0 |
|a Attack in the West :
|b Napoleon's first campaign re-read today / by W.G.F. Jackson.
|
| 264 |
|
1 |
|a London :
|b Eyre & Spottiswoode,
|c 1953.
|
| 300 |
|
|
|a xii, 242 pages :
|b illustrations, maps, plans. ;
|c 23 cm.
|
| 336 |
|
|
|a text
|b txt
|2 rdacontent
|
| 337 |
|
|
|a unmediated
|b n
|2 rdamedia
|
| 338 |
|
|
|a volume
|b nc
|2 rdacarrier
|
| 600 |
0 |
0 |
|a Napoleon
|b I,
|c Emperor of the French,
|d 1769-1821
|y Italian Campaign, 1796-1797.
|
| 999 |
|
|
|a MARS
|
| 999 |
f |
f |
|s 7c927f4d-2b97-3f54-938d-db22460ab885
|i 7893ceb8-6350-38f8-9944-f63a756a0c4f
|t 0
|
| 952 |
f |
f |
|p noncirc
|a Texas A&M University
|b College Station
|c Cushing Memorial Library & Archives
|d Cushing: Ragan Military (Does not check out)
|t 0
|e DC223.4 .J3
|h Library of Congress classification
|i unmediated -- volume
|
| 998 |
f |
f |
|a DC223.4 .J3
|t 0
|l Cushing: Ragan Military (Does not check out)
|